000 004110000a22001330004500
090 _aT M3669e
100 1 _aMartínez Ossa, Juan Carlos
245 1 0 _aEstudio bíblico del Termino epithumia con referencia especial a Santiago 1:14 / Juan Carlos Martinez Ossa
260 _aMedellín, Colombia
300 _a89 Pag
502 _aTesis (licenciatura)--Seminario Bíblico de Colombia
001 3660
942 _cBK
999 _c34305
_d34305